Cargando…

Neighbors : The Destruction of the Jewish Community in Jedwabne, Poland

A landmark book that changed the story of Poland's role in the HolocaustOn July 10, 1941, in Nazi-occupied Poland, half of the town of Jedwabne brutally murdered the other half: 1,600 men, women, and children--all but seven of the town's Jews. In this shocking and compelling classic of Hol...

Descripción completa

Detalles Bibliográficos
Autor principal: Gross, Jan T.
Formato: Electrónico eBook
Idioma:Inglés
Publicado: Princeton : Princeton University Press, 2022.
Colección:Book collections on Project MUSE.
Temas:
Acceso en línea:Texto completo

MARC

LEADER 00000cam a22000004a 4500
001 musev2_101752
003 MdBmJHUP
005 20230905053646.0
006 m o d
007 cr||||||||nn|n
008 220212s2022 nju o 00 0 eng d
020 |a 9780691234311 
020 |z 9780691234304 
035 |a (OCoLC)1296425740 
040 |a MdBmJHUP  |c MdBmJHUP 
100 1 |a Gross, Jan T. 
245 1 0 |a Neighbors :   |b The Destruction of the Jewish Community in Jedwabne, Poland 
264 1 |a Princeton :  |b Princeton University Press,  |c 2022. 
264 3 |a Baltimore, Md. :  |b Project MUSE,   |c 2022 
264 4 |c ©2022. 
300 |a 1 online resource. 
336 |a text  |b txt  |2 rdacontent 
337 |a computer  |b c  |2 rdamedia 
338 |a online resource  |b cr  |2 rdacarrier 
500 |a Description based upon print version of record. 
505 0 |a Cover -- Title Page -- Contents -- Preface to the 2022 Edition -- Acknowledgments -- Introduction -- Outline of the Story -- Sources -- Before the War -- Soviet Occupation, 1939-1941 -- The Outbreak of the Russo-German War and the Pogrom in Radziłów -- Preparations -- Who Murdered the Jews of Jedwabne -- The Murder -- Plunder -- Intimate Biographies -- Anachronism -- What Do People Remember -- Collective Responsibility -- New Approach to Sources -- Is It Possible to Be Simultaneously a Victim and a Victimizer? -- Collaboration -- Social Support for Stalinism -- For a New Historiography 
505 0 |a Postscript -- Notes -- Index 
520 |a A landmark book that changed the story of Poland's role in the HolocaustOn July 10, 1941, in Nazi-occupied Poland, half of the town of Jedwabne brutally murdered the other half: 1,600 men, women, and children--all but seven of the town's Jews. In this shocking and compelling classic of Holocaust history, Jan Gross reveals how Jedwabne's Jews were murdered not by faceless Nazis but by people who knew them well--their non-Jewish Polish neighbors. A previously untold story of the complicity of non-Germans in the extermination of the Jews, Neighbors shows how people victimized by the Nazis could at the same time victimize their Jewish fellow citizens. In a new preface, Gross reflects on the book's explosive international impact and the backlash it continues to provoke from right-wing Polish nationalists who still deny their ancestors' role in the destruction of the Jews. 
588 |a Description based on print version record. 
650 7 |a Jews.  |2 fast  |0 (OCoLC)fst00983135 
650 7 |a Ethnic relations.  |2 fast  |0 (OCoLC)fst00916005 
650 7 |a HISTORY / Holocaust  |2 bisacsh 
650 6 |a Holocauste, 1939-1945  |z Pologne  |z Jedwabne. 
650 6 |a Juifs  |z Pologne  |z Jedwabne  |x Histoire. 
650 0 |a Holocaust, Jewish (1939-1945)  |z Poland  |z Jedwabne. 
650 0 |a Jews  |z Poland  |z Jedwabne  |x History. 
651 7 |a Poland  |z Jedwabne.  |2 fast  |0 (OCoLC)fst01215340 
651 0 |a Jedwabne (Poland)  |x Ethnic relations. 
655 7 |a History.  |2 fast  |0 (OCoLC)fst01411628 
655 7 |a Electronic books.   |2 local 
710 2 |a Project Muse.  |e distributor 
830 0 |a Book collections on Project MUSE. 
856 4 0 |z Texto completo  |u https://projectmuse.uam.elogim.com/book/101752/ 
945 |a Project MUSE - Custom Collection 
945 |a Project MUSE - 2022 History 
945 |a Project MUSE - 2022 Jewish Studies 
945 |a Project MUSE - 2022 Complete